000 01016nam a2200289Ia 4500
003 OSt
005 20210204121118.0
008 191128s1997 ck fr 000 0dspa d
020 _a9589442218
040 _aCO-JMCR
_cCO-JMCR
041 0 _aspa
082 0 4 _a320.092 /
_bJ171h
_221
100 1 _aJaramillo Contreras, Mario,
_eautor
_91887
245 1 0 _aHistoria del pensamiento político de occidente :
_bpensamiento clásico /
_cMario Jaramillo
250 _aPrimera edición
260 _aBogotá :
_bUniversidad Sergio Arboleda,
_c1997
300 _a157 páginas ;
_c23 cm.
490 0 _aMajor ;
_v12
500 _aIncluye datos biográficos del autor.
504 _aBibliografía: páginas [153]-157
505 0 _aPensamiento clásico -- Grecia -- Roma
650 1 4 _aPensamiento político
_2
_91770
650 1 4 _aPolítica y gobierno
_xhistoria
_zGrecia
_91888
650 1 4 _aPolítica y gobierno
_xhistoria
_zRoma (Italia)
_91889
650 1 4 _aCiencias políticas
_xhistoria
_91890
942 _2ddc
_cBK
999 _c5100
_d5100